| 000 | 01759nam a2200385 i 4500 | ||
|---|---|---|---|
| 001 | 000047609 | ||
| 003 | DO-SdBPM | ||
| 005 | 20260427141859.0 | ||
| 007 | ta | ||
| 008 | 180704s2017 dr 001 0 spa d | ||
| 020 | _a9789993439790 | ||
| 040 |
_aDO-SdBPM _bspa _cBPMSU _drda |
||
| 041 | _aspa | ||
| 082 | 0 | 4 |
_a972.93 _bM938o 2017 _222 |
| 100 | 1 |
_aMoya Pons, Frank, _d1944- _eautor _4aut. |
|
| 245 | 1 | 0 |
_aOtras miradas a la historia dominicana / _cFrank Moya Pons. |
| 264 |
_aSanto Domingo : _bEditora Nacional, _c2017. |
||
| 300 |
_a603 páginas ; _c24 cm. |
||
| 336 |
_atexto _btxt _2rdacontent |
||
| 337 |
_asin mediación _bn _2rdamedia |
||
| 338 |
_avolumen _bnc _2rdacarrier |
||
| 500 | _aIncluye índice onomástico | ||
| 500 | _aIncluye apéndice | ||
| 505 | 0 | _aIntroducción -- Los encuentros de Colón -- Comienzos coloniales -- Ecohistorias tempranas -- Historia y memoria -- Historiografia -- Cambios y desarrollo -- ¿Arrimia histórica ? ¿Cuál arritmia? -- Influencias constitucionales -- El lado haitiano de la independencia dominicana -- Demografia histórica -- Historias de mujeres -- Merengue, bolero y son -- Masones y oddfellows -- Clases peligrosas -- Teoria y método -- Apéndice -- Indice onomástico | |
| 590 | _aInventariado, 2026/ VM | ||
| 650 | 7 |
_aMúsica dominicana _xHistoria |
|
| 651 | 7 |
_aRepública Dominicana _xHistoria |
|
| 651 | 7 |
_aRepública Dominicana _xPoblación _xHistoria |
|
| 651 | 7 |
_aRepública Dominicana _xCondiciones sociales _xHistoria |
|
| 651 | 7 |
_aRepública Dominicana _xCondiciones económicas _xHistoria |
|
| 651 | 7 |
_aRepública Dominicana _xPoblación _xHistoria |
|
| 651 | 7 |
_aRepública Dominicana _xHistoriografía |
|
| 910 | _aVMateo V. Control de calidad BPMSU | ||
| 942 |
_2ddc _cBK |
||
| 999 |
_c15799 _d15799 |
||